000 00720nam a2200217 u 4500
005 20240806064017.0
008 100616s2009 mx r 000 0 spa d
020 _a9786070102813
035 _aUPN01000176599
049 _aCG
050 4 _aPR2878
_bC6.5
100 1 _aShakespeare, William,
_d1564-1616
245 1 0 _aComo les guste :
_bmanual práctico para los enamorados /
_cWilliam Shakespeare ; versión novelada de Martín Casillas de Alba.
260 _aMéxico :
_bSantillana,
_c2009.
300 _a223 p.
440 4 _aLas historias de Shakespeare
650 4 _aDRAMA INGLES (COMEDIA)
_95347
650 4 _aLiteratura inglesa
_95228
700 1 _aCasillas de Alba, Martín,
_d1941-
_934007
905 _aLibros
999 _c148702
_d148702